[Event "15.Open Primavera"]
[Site "Robecchetto con Induno ITA"]
[Date "2018.04.12"]
[Round "2"]
[White "Ruggeri, Igor"]
[Black "Bignami, Matteo"]
[Result "0-1"]
[WhiteElo "1509"]
[BlackElo "1616"]
[PlyCount "158"]
[EventDate "2018.04.05"]

1. d4 c6 2. c4 e6 3. Nf3 d5 4. e3 b6 5. Nc3 Ba6 6. b3 Nf6 7. Bd3 Bb4 8. Bd2
Nbd7 9. O-O c5 10. Qe2 cxd4 11. exd4 O-O 12. a3 Be7 13. b4 dxc4 14. Bxc4 Bb7
15. Ba6 Bxa6 16. Qxa6 e5 17. Rfe1 exd4 18. Nxd4 Bd6 19. Qb7 Bxh2+ 20. Kxh2 Ng4+
21. Kg1 Nde5 22. Rxe5 Nxe5 23. Be3 a5 24. b5 Nc4 25. Qf3 Rc8 26. Nc6 Ne5 27.
Qd5 Nxc6 28. bxc6 Qc7 29. Qc4 Qxc6 30. Qxc6 Rxc6 31. Nd5 Rd6 32. Nxb6 Rfd8 33.
Nc4 Rd1+ 34. Rxd1 Rxd1+ 35. Kh2 Rd3 36. a4 Rd5 37. Kg3 g5 38. Nb6 Rd6 39. Kg4
h6 40. Kf5 Kg7 41. Nc4 Ra6 42. Ke5 Kg6 43. Kd5 f5 44. g3 f4 45. gxf4 gxf4 46.
Bxf4 Kf5 47. Bg3 h5 48. Ne5 Rb6 49. Kc5 Rb4 50. Nc6 Rxa4 51. Kb5 Ra3 52. Nxa5
Kg4 53. Nc4 Rb3+ 54. Ka4 Rb7 55. Ne5+ Kh3 56. Ng6 Rg7 57. Nf4+ Kg4 58. Ng2 Rb7
59. Nh4 Rb1 60. Ng6 Kf5 61. Nh4+ Ke6 62. Ka3 Kd5 63. Ka2 Rb5 64. Nf3 Kc4 65.
Be5 Kd3 66. Ka3 Ke4 67. Ka4 Rxe5 68. Nh4 Rc5 69. Kb3 Rc8 70. Kb2 Kf4 71. Ng6+
Kf3 72. Nh4+ Kxf2 73. Nf5 Kf3 74. Ne7 Rb8+ 75. Kc3 h4 76. Ng6 h3 77. Ne5+ Kg3
78. Kd2 h2 79. Ke2 Rb2+ 0-1

[Event "15.Open Primavera"]
[Site "Robecchetto con Induno ITA"]
[Date "2018.04.12"]
[Round "2"]
[White "Baguzzi, Sergio"]
[Black "Posapiano, Giacomo"]
[Result "1/2-1/2"]
[WhiteElo "1324"]
[BlackElo "1603"]
[PlyCount "129"]
[EventDate "2018.04.05"]

1. b3 Nf6 2. Bb2 c5 3. e3 Nc6 4. Bb5 e6 5. Nf3 Be7 6. O-O O-O 7. Na3 Qc7 8. Re1
a6 9. Bd3 b5 10. c4 b4 11. Nc2 Bb7 12. Be2 Ne4 13. Rf1 Bf6 14. d4 Nc3 15. Bxc3
bxc3 16. Qd3 Nb4 17. Qxc3 a5 18. a3 Nc6 19. Qd2 d6 20. Rab1 Ne7 21. Qd3 Rfd8
22. e4 cxd4 23. Ncxd4 Ng6 24. Qe3 Ne5 25. Nxe5 Bxe5 26. Nb5 Qc6 27. Bd3 f5 28.
f3 Re8 29. Qg5 f4 30. h4 Rf8 31. Qg4 Bf6 32. Qxe6+ Kh8 33. Nxd6 Qc7 34. e5 Bxh4
35. Nxb7 Qxb7 36. Be4 Ra6 37. Qg4 Qb6+ 38. Kh1 Bg3 39. Qh5 Qh6 40. Qxh6 Rxh6+
41. Kg1 Re6 42. Rbd1 Rxe5 43. Rd5 Rfe8 44. Rxe5 Rxe5 45. Rd1 g6 46. b4 axb4 47.
axb4 Bh4 48. c5 Re8 49. c6 Be7 50. b5 Bc5+ 51. Kh2 Bb6 52. Rd7 Rc8 53. Kh3 Rc7
54. Kg4 Rxd7 55. cxd7 Bc7 56. Kg5 Kg7 57. b6 Bxb6 58. Kxf4 Kf6 59. g4 Bc7+ 60.
Ke3 Ke7 61. f4 Kxd7 62. Kf3 Ke7 63. Kg3 Kf7 64. g5 Kg7 65. Kg4 1/2-1/2

5. Kg4 1/2-1/2

[Event "15.Open Primavera"]
[Site "Robecchetto con Induno ITA"]
[Date "2018.04.12"]
[Round "2"]
[White "Giavoni, Andrea"]
[Black "Caccianiga, Andrea"]
[Result "0-1"]
[WhiteElo "1579"]
[BlackElo "1421"]
[PlyCount "78"]
[EventDate "2018.04.05"]

1. e4 e5 2. Nf3 Nc6 3. Bb5 a6 4. Ba4 Nf6 5. O-O Be7 6. Re1 b5 7. Bb3 d6 8. c3
Bg4 9. d3 O-O 10. Be3 Na5 11. Bc2 c6 12. h3 Bh5 13. b4 Nb7 14. d4 Qc7 15. Nbd2
Rad8 16. Qb1 Rfe8 17. Qb2 h6 18. a4 Bf8 19. axb5 axb5 20. Ra6 c5 21. bxc5 dxc5
22. d5 Nd6 23. Rc6 Qb7 24. Bxc5 Bxf3 25. gxf3 Qd7 26. Kg2 Nh5 27. Be3 f5 28.
Ra1 f4 29. Ra7 Nb7 30. Qxb5 fxe3 31. Rxb7 Nf4+ 32. Kf1 Qxh3+ 33. Ke1 Qh1+ 34.
Nf1 e2 35. Qxe2 Nxe2 36. Kxe2 Ra8 37. Rb1 Rec8 38. Rcb6 Rxc3 39. Kd2 Qxf3 0-1

[Event "15.Open Primavera"]
[Site "Robecchetto con Induno ITA"]
[Date "2018.04.12"]
[Round "2"]
[White "Santangelo, Riccardo"]
[Black "Koureas, Panicos"]
[Result "1-0"]
[WhiteElo "1632"]
[BlackElo "1371"]
[PlyCount "115"]
[EventDate "2018.04.05"]

1. d4 d5 2. Bf4 Nf6 3. Nf3 e6 4. Nbd2 Bd6 5. Ne5 Nbd7 6. e3 O-O 7. Bd3 Re8 8.
O-O a6 9. c3 Nf8 10. h3 c6 11. Bh2 Qc7 12. f4 Qe7 13. Rf3 c5 14. Rg3 Bd7 15.
Qf3 Bc6 16. h4 Bxe5 17. fxe5 N6d7 18. Qg4 f5 19. Qh3 Bb5 20. Bc2 Be2 21. Nf3 c4
22. Re1 Bd3 23. Bxd3 cxd3 24. Rd1 Ng6 25. h5 Nh8 26. Nh4 Rf8 27. Rxd3 Rf7 28.
Rd1 Raf8 29. Ng6 Nxg6 30. hxg6 hxg6 31. Rxg6 f4 32. exf4 Rf5 33. g4 Rxf4 34.
Bxf4 Rxf4 35. Qe3 Qf7 36. Rg5 Nf8 37. Qh3 Rf3 38. Qh4 Ng6 39. Qh2 Rf4 40. Qh5
Nh8 41. Qxf7+ Nxf7 42. Rg6 Nh6 43. Rxe6 Rxg4+ 44. Kh2 Nf5 45. Rb6 Rh4+ 46. Kg1
Rg4+ 47. Kf2 Rf4+ 48. Ke2 Ng3+ 49. Kd3 Rf3+ 50. Kc2 Ne4 51. Rxb7 Rf2+ 52. Kc1
Ng3 53. Ra7 Ne2+ 54. Kb1 g5 55. Rh1 Nf4 56. Rhh7 Nd3 57. Rhb7 Rf8 58. Rg7+ 1-0

[Event "15.Open Primavera"]
[Site "Robecchetto con Induno ITA"]
[Date "2018.04.12"]
[Round "2"]
[White "Crotti, Massimo"]
[Black "Gaspari, Giulio"]
[Result "1-0"]
[WhiteElo "1382"]
[BlackElo "1627"]
[PlyCount "141"]
[EventDate "2018.04.05"]

1. Nf3 Nf6 2. d4 d5 3. c4 e6 4. Nc3 Be7 5. e3 O-O 6. Be2 dxc4 7. Bxc4 Nbd7 8.
O-O b6 9. a3 Bb7 10. Bd3 h6 11. b3 Qc8 12. Bb2 Ba6 13. Bxa6 Qxa6 14. b4 Qb7 15.
Nd2 Nd5 16. Qf3 c6 17. Nxd5 cxd5 18. Qg3 Nf6 19. Qf3 Rac8 20. Rac1 Rxc1 21.
Rxc1 Rc8 22. Rxc8+ Qxc8 23. Qd1 g6 24. Nf3 Qc7 25. Qc1 Bd6 26. Qxc7 Bxc7 27. h3
b5 28. Nd2 Nd7 29. Nf3 Nb6 30. Ne5 Bxe5 31. dxe5 Nc4 32. Bd4 a6 33. Kf1 Nxa3
34. Ke2 Nc4 35. Kd3 Kg7 36. f4 h5 37. h4 Kf8 38. e4 dxe4+ 39. Kxe4 Ke8 40. Bc3
Kd7 41. Kd4 Kc6 42. Be1 Nb6 43. Bc3 Nd5 44. Be1 Ne7 45. g3 Nf5+ 46. Ke4 Ne7 47.
Kd4 Nd5 48. Bd2 Nb6 49. Bc3 Nc4 50. Be1 Na3 51. Bc3 Kb6 52. Kd3 a5 53. bxa5+
Ka6 54. Bb4 Nc4 55. Kd4 Nxa5 56. Kc5 Nc4 57. Kc6 Ne3 58. Kd7 Nf5 59. Be1 Kb7
60. Ke8 Nh6 61. Kf8 Kc6 62. Kg7 Nf5+ 63. Kxf7 Kd5 64. Kxg6 b4 65. Bxb4 Nxg3 66.
Kg5 Ke4 67. Bd2 Kd5 68. Be1 Ne2 69. Kxh5 Nxf4+ 70. Kg4 Kxe5 71. Bg3 1-0

[Event "15.Open Primavera"]
[Site "Robecchetto con Induno ITA"]
[Date "2018.04.12"]
[Round "2"]
[White "Frignani, Alessandro"]
[Black "Puricelli, Roberto"]
[Result "0-1"]
[WhiteElo "1454"]
[BlackElo "1533"]
[PlyCount "68"]
[EventDate "2018.04.05"]

1. e4 c5 2. Nf3 Nc6 3. Bc4 e6 4. Nc3 g6 5. d3 Bg7 6. Be3 b6 7. a3 Bb7 8. Qd2
Nge7 9. O-O-O d5 10. exd5 exd5 11. Nxd5 Nxd5 12. d4 O-O 13. dxc5 Nxe3 14. Qxe3
Qf6 15. c3 bxc5 16. Qxc5 Ne5 17. Bd5 Bxd5 18. Qxd5 Nxf3 19. Qxf3 Qb6 20. Kc2
Rab8 21. b4 Rfc8 22. Rd3 Qe6 23. Kb2 a5 24. Re3 Qb6 25. Kb3 axb4 26. axb4 Ra8
27. Rb1 Qa6 28. Kc2 Qc4 29. Rb2 Ra2 30. Qe4 Rxb2+ 31. Kxb2 Bxc3+ 32. Rxc3 Qxc3+
33. Kb1 Qb3+ 34. Ka1 Rc1+ 0-1

[Event "15.Open Primavera"]
[Site "Robecchetto con Induno ITA"]
[Date "2018.04.12"]
[Round "2"]
[White "Zanin, Armando"]
[Black "Minore, Antonino"]
[Result "1/2-1/2"]
[WhiteElo "1466"]
[BlackElo "1239"]
[PlyCount "102"]
[EventDate "2018.04.05"]

1. b3 b6 2. Bb2 Bb7 3. c4 c5 4. e3 e6 5. d3 Nf6 6. Nd2 d5 7. cxd5 exd5 8. Ngf3
Be7 9. Be2 O-O 10. O-O Re8 11. Re1 Nbd7 12. Nh4 Bf8 13. Nf5 g6 14. Ng3 Rc8 15.
Nf3 Ng4 16. h3 Nge5 17. Nh2 Qh4 18. d4 cxd4 19. Bxd4 Nf6 20. Nf3 Nxf3+ 21. Bxf3
Ne4 22. Bxe4 dxe4 23. Qd2 Qd8 24. Qb2 Re6 25. Ne2 f6 26. Nf4 Rec6 27. Red1 Rc2
28. Qb1 Qe8 29. a4 g5 30. Ra2 Rxa2 31. Qxa2 gxf4 32. Bxf6 fxe3 33. fxe3 Qe6 34.
Bd4 Bd5 35. Qf2 Qg6 36. Rb1 Bg7 37. Bxg7 Kxg7 38. Qd2 Be6 39. Kh2 Qf6 40. Qb4
Bf5 41. Rf1 Re8 42. g4 Qe5+ 43. Rf4 Bg6 44. Qd2 Rf8 45. Kg3 Rxf4 46. exf4 Qe8
47. Qd4+ Kg8 48. Qd5+ Qf7 49. Qd8+ Qf8 50. Qd5+ Qf7 51. Qd8+ Qf8 1/2-1/2

[Event "15.Open Primavera"]
[Site "Robecchetto con Induno ITA"]
[Date "2018.04.12"]
[Round "2"]
[White "Colombo, Ernesto"]
[Black "Madaschi, Sergio"]
[Result "1-0"]
[WhiteElo "1608"]
[BlackElo "1334"]
[PlyCount "61"]
[EventDate "2018.04.05"]

1. d4 d5 2. c4 c6 3. e3 Nf6 4. Nc3 e6 5. Nf3 Bd6 6. Bd3 dxc4 7. Bxc4 b5 8. Bd3
Nbd7 9. O-O O-O 10. e4 e5 11. dxe5 Nxe5 12. Nxe5 Bxe5 13. f4 Bd4+ 14. Kh1 Ng4
15. Qe2 Qb6 16. Nd1 Bd7 17. f5 Ne5 18. Be3 Bxe3 19. Nxe3 Nxd3 20. Qxd3 Rad8 21.
Qe2 Rfe8 22. Ng4 c5 23. f6 Qe6 24. h3 Qxe4 25. Qf2 Bxg4 26. hxg4 Qxg4 27. fxg7
Qxg7 28. Qxc5 Re2 29. Qc6 Rxb2 30. Rad1 Rbd2 31. Rde1 1-0

[Event "15.Open Primavera"]
[Site "Robecchetto con Induno ITA"]
[Date "2018.04.12"]
[Round "2"]
[White "Ghiggini, Stefano"]
[Black "Corsano, Massimo"]
[Result "1/2-1/2"]
[WhiteElo "1334"]
[BlackElo "1440"]
[PlyCount "53"]
[EventDate "2018.04.05"]

1. e4 c5 2. Nf3 Nc6 3. d4 cxd4 4. Nxd4 Nxd4 5. Qxd4 d6 6. Nc3 Bd7 7. Be2 Nf6 8.
O-O g6 9. Qd1 Bg7 10. Be3 O-O 11. f3 Qc7 12. Qd2 a6 13. Bh6 Rfe8 14. Bxg7 Kxg7
15. Kh1 Bc6 16. Rfc1 Qa5 17. Rd1 Rad8 18. Bc4 e6 19. Bb3 d5 20. exd5 exd5 21.
Qd4 Qc7 22. Kg1 Qe5 23. Qxe5 Rxe5 24. Re1 Rde8 25. Kf2 Rxe1 26. Rxe1 Rxe1 27.
Kxe1 1/2-1/2

[Event "15.Open Primavera"]
[Site "Robecchetto con Induno ITA"]
[Date "2018.04.12"]
[Round "2"]
[White "Marchesotti, Giovanni"]
[Black "Rampazzo, Franco"]
[Result "1-0"]
[WhiteElo "1406"]
[BlackElo "1351"]
[PlyCount "85"]
[EventDate "2018.04.05"]

1. Nf3 Nc6 2. c4 e5 3. Nc3 Nf6 4. g3 Rb8 5. Bg2 b6 6. O-O Bb7 7. d3 Be7 8. Bg5
d6 9. Qd2 O-O 10. Bxf6 Bxf6 11. Nd5 Re8 12. Nxf6+ Qxf6 13. b4 a6 14. e4 Nd8 15.
Nh4 Bc8 16. Nf5 Bxf5 17. exf5 Qxf5 18. f4 Ne6 19. fxe5 Qxe5 20. Rae1 Qd4+ 21.
Kh1 g6 22. Bd5 Qg7 23. Bc6 Re7 24. Re2 Qf8 25. Qe1 Rbe8 26. Bxe8 Rxe8 27. Re4
Ng7 28. Rxe8 Nxe8 29. Qe4 f5 30. Qe6+ Kg7 31. Re1 Nf6 32. Qe7+ Qxe7 33. Rxe7+
Kh6 34. Rxc7 d5 35. Rb7 dxc4 36. dxc4 b5 37. cxb5 axb5 38. Rxb5 Ne4 39. Kg2 Nc3
40. Ra5 Kg5 41. b5 Nd5 42. Kf3 Kf6 43. b6 1-0

[Event "15.Open Primavera"]
[Site "Robecchetto con Induno ITA"]
[Date "2018.04.19"]
[Round "3"]
[White "Mereghetti, Marco"]
[Black "Santoruvo, Gianfranco"]
[Result "0-1"]
[WhiteElo "1794"]
[BlackElo "1735"]
[PlyCount "44"]
[EventDate "2018.04.05"]

1. e4 e5 2. Nf3 Nc6 3. Bb5 a6 4. Ba4 d6 5. h3 f5 6. d3 Nf6 7. Bg5 Be7 8. Nbd2
O-O 9. Bb3+ Kh8 10. O-O Na5 11. c3 Nxb3 12. Qxb3 b5 13. Rfe1 Nh5 14. Bxe7 Qxe7
15. d4 fxe4 16. Rxe4 Qf6 17. dxe5 dxe5 18. Qd5 Bxh3 19. gxh3 Nf4 20. Qxe5 Qg6+
21. Kf1 Qg2+ 22. Ke1 Nd3+ 0-1

[Event "15.Open Primavera"]
[Site "Robecchetto con Induno ITA"]
[Date "2018.04.19"]
[Round "3"]
[White "Barrera, Pietro"]
[Black "Rutigliano, Cesare"]
[Result "1-0"]
[WhiteElo "1810"]
[BlackElo "1672"]
[PlyCount "48"]
[EventDate "2018.04.05"]

1. d4 Nf6 2. Nf3 c5 3. c3 b6 4. e3 Ba6 5. Bxa6 Nxa6 6. O-O e6 7. e4 Nxe4 8. Qd3
Nxf2 9. Rxf2 Nc7 10. c4 cxd4 11. Bf4 f6 12. Nbd2 e5 13. Bxe5 fxe5 14. Nxe5 Rg8
15. Re1 Ne6 16. Qxh7 Qg5 17. Qxg8 O-O-O 18. Nf7 Qh4 19. Nxd8 Bd6 20. Nxe6+ Kb7
21. Nf4 Bxf4 22. Qd5+ Kc7 23. Rxf4 Qxe1+ 24. Nf1 Qd2 1-0

[Event "15.Open Primavera"]
[Site "Robecchetto con Induno ITA"]
[Date "2018.04.19"]
[Round "3"]
[White "Cecchini, Massimo S"]
[Black "Moroni, Luca"]
[Result "1-0"]
[WhiteElo "1689"]
[BlackElo "1760"]
[PlyCount "69"]
[EventDate "2018.04.05"]

1. d4 c5 2. d5 Nf6 3. c4 e6 4. Nc3 exd5 5. cxd5 d6 6. e4 g6 7. f4 Bg7 8. Bb5+
Nfd7 9. a4 O-O 10. Nf3 a6 11. Be2 Re8 12. O-O Nf8 13. Kh1 Bg4 14. h3 Bxf3 15.
Bxf3 Nbd7 16. Be3 Rc8 17. a5 c4 18. Bd4 Bh6 19. Bg4 Rc7 20. e5 Bxf4 21. e6 fxe6
22. Bxe6+ Nxe6 23. dxe6 Qh4 24. exd7 Rxd7 25. Qf3 Rf7 26. Qd5 Ref8 27. Rf3 h5
28. Raf1 Kh7 29. Ne2 Rf5 30. Qe4 d5 31. Qe6 Bb8 32. Qd7+ R8f7 33. Qxf7+ Rxf7
34. Rxf7+ Kh6 35. Bg7+ 1-0

[Event "15.Open Primavera"]
[Site "Robecchetto con Induno ITA"]
[Date "2018.04.19"]
[Round "3"]
[White "Mazzarone, Maurizio"]
[Black "Brioschi, Camillo"]
[Result "1-0"]
[WhiteElo "1885"]
[BlackElo "1729"]
[PlyCount "65"]
[EventDate "2018.04.05"]

1. d4 Nf6 2. Nf3 b6 3. Bf4 Bb7 4. e3 e6 5. Bd3 Be7 6. h3 d6 7. Nbd2 Nbd7 8. O-O
O-O 9. Re1 d5 10. Ne5 Nxe5 11. Bxe5 Ne4 12. f3 Nxd2 13. Qxd2 f6 14. Bf4 Bd6 15.
Bxd6 cxd6 16. e4 e5 17. c3 Rc8 18. dxe5 dxe5 19. exd5 Qxd5 20. Qc2 Qc5+ 21. Kh2
g6 22. Rad1 Kg7 23. Re2 Qc7 24. Be4 Rfd8 25. Red2 Rxd2 26. Qxd2 Bxe4 27. fxe4
Rf8 28. Qd5 Rf7 29. c4 f5 30. exf5 gxf5 31. g3 f4 32. gxf4 exf4 33. Qg5+ 1-0

[Event "15.Open Primavera"]
[Site "Robecchetto con Induno ITA"]
[Date "2018.04.19"]
[Round "3"]
[White "Colusso, Ermes"]
[Black "Pappalardo, Antonio"]
[Result "1-0"]
[WhiteElo "1741"]
[BlackElo "1709"]
[PlyCount "91"]
[EventDate "2018.04.05"]

1. e4 c5 2. Nf3 g6 3. d4 cxd4 4. Qxd4 Nf6 5. Bb5 a6 6. Bc4 Nc6 7. Qd3 Bg7 8.
O-O b5 9. Bb3 Bb7 10. Re1 Qc7 11. a3 O-O 12. Nc3 Na5 13. Ba2 Rac8 14. Re2 d6
15. Nd5 Nxd5 16. exd5 Nc4 17. c3 Ne5 18. Nxe5 dxe5 19. Be3 Rfd8 20. Rd1 Rd6 21.
Red2 f5 22. f3 Kh8 23. Rc1 e6 24. c4 exd5 25. c5 d4 26. Rdc2 Rdd8 27. c6 Ba8
28. Bd2 Re8 29. Bd5 Rcd8 30. Qb3 e4 31. fxe4 fxe4 32. Bg5 Rb8 33. Rf2 e3 34.
Rf7 Qe5 35. Bf4 Qh5 36. Bf3 Qh4 37. Bxb8 Qf2+ 38. Kh1 e2 39. Bxe2 Qxe2 40. Bg3
Bxc6 41. Rf2 Qe4 42. Qf3 Qe1+ 43. Rxe1 Rxe1+ 44. Rf1 Bxf3 45. Rxe1 Bc6 46. Re6
1-0

[Event "15.Open Primavera"]
[Site "Robecchetto con Induno ITA"]
[Date "2018.04.19"]
[Round "3"]
[White "Cunati, Valerio"]
[Black "Wintour, Thomas"]
[Result "0-1"]
[WhiteElo "1665"]
[BlackElo "1668"]
[PlyCount "42"]
[EventDate "2018.04.05"]

1. Nf3 d5 2. d4 Nf6 3. Bg5 e6 4. e3 Be7 5. Bd3 Nbd7 6. Nc3 O-O 7. O-O Re8 8. h3
Nf8 9. Bf4 c6 10. Qe2 Bd6 11. Ne5 Qc7 12. Rfe1 a6 13. e4 c5 14. Qe3 Nh5 15. g3
cxd4 16. Qxd4 f6 17. Nxd5 exd5 18. exd5 fxe5 19. Bxe5 Bxe5 20. Qh4 Nf6 21. Re2
Bd7 0-1

[Event "15.Open Primavera"]
[Site "Robecchetto con Induno ITA"]
[Date "2018.04.19"]
[Round "3"]
[White "Macchiettini, Pierangelo"]
[Black "Caldarola, Stefano"]
[Result "0-1"]
[WhiteElo "1654"]
[BlackElo "1829"]
[PlyCount "50"]
[EventDate "2018.04.05"]

1. d4 g6 2. c4 Bg7 3. Nc3 d6 4. e4 e5 5. d5 Ne7 6. Nf3 Nd7 7. Bd3 f5 8. Bg5 Nf6
9. Qc2 O-O 10. O-O a6 11. Rac1 Qe8 12. Bxf6 Rxf6 13. exf5 gxf5 14. Be2 Ng6 15.
Rfe1 Nf4 16. Bf1 Qh5 17. Ne2 Nh3+ 18. Kh1 Nxf2+ 19. Kg1 Ne4 20. h3 Rg6 21. Kh2
Bh6 22. Rcd1 Nf2 23. Rd2 Nxh3 24. gxh3 Qxf3 25. Ng3 Qxg3+ 0-1

[Event "15.Open Primavera"]
[Site "Robecchetto con Induno ITA"]
[Date "2018.04.19"]
[Round "3"]
[White "Pizzolato, Roberto"]
[Black "Bignami, Matteo"]
[Result "1-0"]
[WhiteElo "1754"]
[BlackElo "1616"]
[PlyCount "59"]
[EventDate "2018.04.05"]

1. e4 e5 2. Nf3 Nc6 3. d4 d5 4. exd5 Qxd5 5. dxe5 Qxd1+ 6. Kxd1 Bg4 7. Be2 Bc5
8. Ke1 Nge7 9. Bf4 Nd5 10. Bg3 Ncb4 11. Na3 Bf5 12. Bb5+ c6 13. Ba4 O-O-O 14.
Ke2 Nb6 15. Bb3 Rhe8 16. Rhe1 Nd3 17. cxd3 Bxd3+ 18. Kd1 Bf1+ 19. Kc2 Bxg2 20.
Ng5 Nd5 21. Rad1 Nb4+ 22. Kb1 Nd3 23. Rg1 f6 24. Ne6 Bd4 25. Nxd4 Rxd4 26. Nc4
fxe5 27. Nxe5 Be4 28. Ka1 Nxe5 29. Rxd4 Nf3 30. Rxe4 1-0

[Event "15.Open Primavera"]
[Site "Robecchetto con Induno ITA"]
[Date "2018.04.19"]
[Round "3"]
[White "Caccianiga, Andrea"]
[Black "Crotti, Massimo"]
[Result "1-0"]
[WhiteElo "1421"]
[BlackElo "1382"]
[PlyCount "59"]
[EventDate "2018.04.05"]

1. e4 c6 2. d4 d5 3. exd5 cxd5 4. Nf3 Nf6 5. Bg5 e6 6. Bd3 h6 7. Bh4 Be7 8. O-O
a6 9. a4 Nc6 10. c3 Qc7 11. Nbd2 Ng4 12. Bxe7 Nxe7 13. Re1 Nf6 14. Ne5 O-O 15.
Ndf3 b6 16. Bc2 Bb7 17. Qd3 Nf5 18. h3 a5 19. b4 axb4 20. cxb4 Rac8 21. Rac1
Qc3 22. Qxc3 Rxc3 23. Bxf5 Rxc1 24. Rxc1 exf5 25. Rc7 Ba8 26. Nd7 Nxd7 27. Rxd7
Re8 28. Ne5 f6 29. Ng6 Kh7 30. Ne7 1-0

[Event "15.Open Primavera"]
[Site "Robecchetto con Induno ITA"]
[Date "2018.04.19"]
[Round "3"]
[White "Posapiano, Giacomo"]
[Black "Santangelo, Riccardo"]
[Result "0-1"]
[WhiteElo "1603"]
[BlackElo "1632"]
[PlyCount "74"]
[EventDate "2018.04.05"]

1. Nf3 e6 2. c4 Nf6 3. Nc3 c5 4. e3 Nc6 5. Be2 d5 6. O-O Be7 7. cxd5 Nxd5 8.
Bb5 O-O 9. Bxc6 bxc6 10. Ne5 Bd6 11. Nc4 Bxh2+ 12. Kxh2 Qh4+ 13. Kg1 Qxc4 14.
b3 Qh4 15. Ba3 Nf6 16. f3 Nh5 17. Ne2 Ba6 18. Qe1 Qg5 19. Rf2 Bxe2 20. f4 Qh4
21. Rxe2 Ng3 22. Kf2 Nxe2+ 23. Kxe2 Qh5+ 24. Kf1 Rfd8 25. Bb2 Qd5 26. Bc3 Qe4
27. Qh4 Rd5 28. Kf2 Qg6 29. Rh1 Rad8 30. g4 f6 31. Ke2 h6 32. Rg1 Qc2 33. g5
fxg5 34. fxg5 Qd3+ 35. Kf2 Rf8+ 36. Kg3 Rxg5+ 37. Kh2 Qe2+ 0-1

[Event "15.Open Primavera"]
[Site "Robecchetto con Induno ITA"]
[Date "2018.04.19"]
[Round "3"]
[White "Puricelli, Roberto"]
[Black "Baguzzi, Sergio"]
[Result "0-1"]
[WhiteElo "1533"]
[BlackElo "1324"]
[PlyCount "70"]
[EventDate "2018.04.05"]

1. e4 Nf6 2. Nc3 d5 3. exd5 Nxd5 4. Nge2 Bg4 5. h3 Nxc3 6. bxc3 Bh5 7. g4 Bg6
8. Bg2 c6 9. Rb1 Qc7 10. d3 e5 11. Be3 Bd6 12. Ng3 O-O 13. Ne4 Bxe4 14. dxe4
Rd8 15. Qc1 b5 16. O-O Qa5 17. Qb2 Nd7 18. Rfd1 Ba3 19. Qb3 Nc5 20. Bxc5 Bxc5
21. Rd3 Qb6 22. Rf3 Rf8 23. Rd1 Rad8 24. Rdd3 a5 25. a3 a4 26. Qa2 Qc7 27. g5
Rxd3 28. cxd3 Kh8 29. h4 Qe7 30. c4 Qe6 31. Bh3 Qe7 32. cxb5 cxb5 33. Bf1 f6
34. Qd5 fxg5 35. Rxf8+ Qxf8 0-1

[Event "15.Open Primavera"]
[Site "Robecchetto con Induno ITA"]
[Date "2018.04.19"]
[Round "3"]
[White "Giusti, Francesco"]
[Black "Giavoni, Andrea"]
[Result "0-1"]
[WhiteElo "1478"]
[BlackElo "1579"]
[PlyCount "106"]
[EventDate "2018.04.05"]

1. e4 e5 2. Nf3 Nc6 3. b3 Bc5 4. Bb2 d6 5. h3 Nf6 6. d3 O-O 7. Nbd2 Ne7 8. a3
a6 9. Qe2 Ng6 10. g3 Re8 11. Nh2 c6 12. h4 Nf8 13. b4 Ba7 14. Nc4 Ne6 15. c3 c5
16. Bh3 Nc7 17. Bxc8 Rxc8 18. g4 d5 19. Na5 Rb8 20. g5 Nd7 21. exd5 Nxd5 22.
Qe4 Nf4 23. O-O-O f6 24. Nxb7 Qe7 25. Qc4+ Kh8 26. gxf6 Nxf6 27. Nxc5 Rbc8 28.
d4 e4 29. Qxa6 Bxc5 30. dxc5 Nd3+ 31. Rxd3 exd3 32. Qxd3 Ne4 33. Ng4 h5 34. f3
Nxc5 35. bxc5 hxg4 36. fxg4 Rxc5 37. Kb1 Re5 38. Ka2 Qe6+ 39. c4 Re2 40. Qd4
Qe7 41. Qd5 Rb8 42. Qh5+ Kg8 43. Qd5+ Qf7 44. Qxf7+ Kxf7 45. Rb1 Re4 46. Rf1+
Kg6 47. Rf5 Rxg4 48. Rg5+ Rxg5 49. hxg5 Kxg5 50. Bxg7 Kf5 51. Bc3 Ke6 52. Bb4
Kd7 53. a4 Rxb4 0-1

[Event "15.Open Primavera"]
[Site "Robecchetto con Induno ITA"]
[Date "2018.04.19"]
[Round "3"]
[White "Marchesotti, Giovanni"]
[Black "Colombo, Ernesto"]
[Result "0-1"]
[WhiteElo "1406"]
[BlackElo "1608"]
[PlyCount "42"]
[EventDate "2018.04.05"]

1. Nf3 Nf6 2. g3 d5 3. Bg2 e6 4. O-O Be7 5. d3 O-O 6. Nbd2 c5 7. e4 Nc6 8. Re1
Re8 9. Nf1 dxe4 10. Ng5 exd3 11. Bxc6 bxc6 12. Qxd3 Qxd3 13. cxd3 Ba6 14. Nf3
Bxd3 15. Ne3 Be4 16. Nd2 Bd5 17. Nec4 Nd7 18. b3 f6 19. Bb2 Rab8 20. Bc3 e5 21.
Ne4 Bxc4 0-1

[Event "15.Open Primavera"]
[Site "Robecchetto con Induno ITA"]
[Date "2018.04.19"]
[Round "3"]
[White "Minore, Antonino"]
[Black "Ruggeri, Igor"]
[Result "0-1"]
[WhiteElo "1239"]
[BlackElo "1509"]
[PlyCount "82"]
[EventDate "2018.04.05"]

1. d4 Nf6 2. c4 g6 3. Nc3 Bg7 4. f3 d6 5. Bg5 O-O 6. e4 c5 7. d5 e6 8. Qd2 exd5
9. cxd5 Qb6 10. Bc4 Nbd7 11. Nh3 Ne5 12. Be2 Bd7 13. Nf2 h6 14. Be3 Kh7 15. O-O
Qb4 16. a3 Qb3 17. Bd1 Qb6 18. Be2 a5 19. h3 Be8 20. g4 Ng8 21. f4 Nd7 22. h4
f5 23. gxf5 gxf5 24. exf5 Ndf6 25. Kh1 Bh5 26. Rg1 Bxe2 27. Qxe2 Ne7 28. Nfe4
Nexd5 29. Nxd5 Nxd5 30. Qg2 Qc7 31. Bd2 Rg8 32. Qg6+ Kh8 33. Qh5 Raf8 34. Ng5
Nf6 35. Ne6 Qc6+ 36. Kh2 Nxh5 37. Nxg7 Nxg7 38. Rxg7 Rxg7 39. Bc3 Qf3 40. Rg1
Qxf4+ 41. Kh1 Qxh4# 0-1

[Event "15.Open Primavera"]
[Site "Robecchetto con Induno ITA"]
[Date "2018.04.19"]
[Round "3"]
[White "Zanin, Armando"]
[Black "Nava, Mario"]
[Result "1/2-1/2"]
[WhiteElo "1466"]
[BlackElo "1390"]
[PlyCount "133"]
[EventDate "2018.04.05"]

1. c4 e5 2. Nc3 Nf6 3. d3 Nc6 4. g3 Bb4 5. a3 Bxc3+ 6. bxc3 d5 7. c5 h6 8. Bg2
O-O 9. Rb1 Rb8 10. Bd2 e4 11. d4 Bf5 12. e3 Na5 13. Qc2 Nc4 14. Bc1 Qe8 15. Ne2
Qd7 16. O-O c6 17. a4 Bh3 18. Nf4 Bxg2 19. Kxg2 Rfe8 20. Qa2 b6 21. Ba3 Nxa3
22. Qxa3 Qe7 23. a5 bxc5 24. Rxb8 Rxb8 25. Rc1 Kf8 26. Qa4 Qd6 27. h3 cxd4 28.
cxd4 Rc8 29. Qb3 g5 30. Ne2 Qd7 31. Ng1 Qd6 32. Qb7 Qc7 33. a6 Qxb7 34. axb7
Rb8 35. Rxc6 Kg7 36. Rc7 a5 37. Ne2 a4 38. Nc3 a3 39. Na2 Ng8 40. Nb4 Nf6 41.
Na2 Ng8 42. Rc3 Rxb7 43. Rxa3 Nf6 44. Ra5 Rb3 45. Rc5 Rb2 46. Nc3 Rc2 47. Nb5
Rxc5 48. dxc5 Kf8 49. c6 Ke7 50. c7 Kd7 51. c8=Q+ Kxc8 52. Nd6+ Kd7 53. Nxf7
Ng8 54. Ne5+ Ke6 55. Nc6 Kf6 56. Nd4 Ne7 57. g4 Ke5 58. Kg3 Kf6 59. h4 gxh4+
60. Kxh4 Kg6 61. Ne6 Kf7 62. Nd8+ Kf6 63. Kh5 Ng8 64. Nc6 Kg7 65. g5 hxg5 66.
Kxg5 Nf6 67. Kf5 1/2-1/2

[Event "15.Open Primavera"]
[Site "Robecchetto con Induno ITA"]
[Date "2018.04.19"]
[Round "3"]
[White "Gaspari, Giulio"]
[Black "Ghiggini, Stefano"]
[Result "1-0"]
[WhiteElo "1627"]
[BlackElo "1334"]
[PlyCount "121"]
[EventDate "2018.04.05"]

1. d4 d5 2. c4 c6 3. Nc3 Nf6 4. Nf3 e6 5. Bg5 Be7 6. e3 Nbd7 7. Bd3 dxc4 8.
Bxc4 b5 9. Bd3 Bb7 10. O-O O-O 11. a3 a6 12. Rc1 Rc8 13. Ne4 Nxe4 14. Bxe7 Qxe7
15. Bxe4 Nf6 16. Bd3 h6 17. Ne5 Nd7 18. Nxd7 Qxd7 19. Rc5 Qe7 20. b4 Rfd8 21.
Qe2 Rd5 22. Rfc1 Rcd8 23. Be4 Rxc5 24. Rxc5 Rc8 25. Qf3 Qd6 26. h3 f5 27. Bd3
Rf8 28. Qh5 Qd7 29. Bc2 Qf7 30. Qxf7+ Rxf7 31. Bb3 Re7 32. Rxf5 Bc8 33. Rc5 Bd7
34. f4 Kf8 35. Kf2 Rf7 36. g4 Rf6 37. Kg3 Ke7 38. h4 Be8 39. g5 hxg5 40. hxg5
Rf5 41. Rc1 Kd6 42. e4 Rf8 43. Rc5 Bg6 44. Kf3 Rh8 45. e5+ Kd7 46. Bxe6+ Kxe6
47. Rxc6+ Kf7 48. Rxa6 Bd3 49. d5 Rd8 50. d6 Bf5 51. Ke3 g6 52. Kd4 Bd7 53. Ra7
Ke6 54. Rc7 Kf5 55. Ke3 Ke6 56. Kf2 Kf5 57. Kg3 Ke4 58. Rc1 Rf8 59. Re1+ Kf5
60. e6 Bxe6 61. Re5# 1-0